| 000 | 00873nam a2200205Ia 4500 | ||
|---|---|---|---|
| 003 | IN-BaIIA | ||
| 008 | 211028s9999 xx 000 0 eng d | ||
| 020 | _a2-9512397-0 | ||
| 040 | _cIIA Library | ||
| 080 |
_a082.2:52 _bIAU-S181 |
||
| 111 |
_aSymposium of the International Astronomical Union _n181st _cFrance _d1996 Sept. 30 - Oct. 3 _922033 |
||
| 245 | 0 |
_aSounding solar and stellar interiors _bproceedings of the IAU symposium no.181 held at Nice, France from September 30 - October 3, 1996 _cedited by J. Provost and Francois-Xavier Schmider |
|
| 260 |
_aFrance _bUniversite de Nice _c1998 |
||
| 300 | _axiv, 294p. | ||
| 490 | _aIAU Symposium; no.181 | ||
| 650 |
_aStellar interiors, Solar interior _922034 |
||
| 700 |
_aSchmider, Francois-Xavier, ed. _922035 |
||
| 710 | _aInternational Astronomical Union | ||
| 942 | _cBK | ||
| 999 |
_c12575 _d12575 |
||